Knockin' at heaven's door / (Record no. 3096)

MARC details
000 -LEADER
fixed length control field 01025cam a22003014a 4500
001 - CONTROL NUMBER
control field 2630209
003 - CONTROL NUMBER IDENTIFIER
control field GBCCL
005 - DATE AND TIME OF LATEST TRANSACTION
control field 20241126110447.0
008 - FIXED-LENGTH DATA ELEMENTS--GENERAL INFORMATION
fixed length control field 990322s1999 cau b 000 0 eng
010 ## -
-- 99023011
020 ## - INTERNATIONAL STANDARD BOOK NUMBER
International Standard Book Number 0830724982 (hardcover)
020 ## - INTERNATIONAL STANDARD BOOK NUMBER
International Standard Book Number 0830724931 (trade pbk.)
035 ## - SYSTEM CONTROL NUMBER
System control number (DLC) 99023011
040 ## - CATALOGING SOURCE
Original cataloging agency DLC
Transcribing agency DLC
Modifying agency DLC
042 ## -
-- pcc
050 00 -
-- BV4501.2
-- .H457 1999
082 00 - DEWEY DECIMAL CLASSIFICATION NUMBER
Classification number 243
Edition information 21
Item number HIL
100 1# - MAIN ENTRY--PERSONAL NAME
Personal name Hill, Stephen,
Dates associated with a name 1954-
9 (RLIN) 6423
245 10 - TITLE STATEMENT
Title Knockin' at heaven's door /
Statement of responsibility, etc. Stephen Hill.
260 ## - PUBLICATION, DISTRIBUTION, ETC.
Place of publication, distribution, etc. Ventura, Calif. :
Name of publisher, distributor, etc. Regal Books,
Date of publication, distribution, etc. c1999.
300 ## - PHYSICAL DESCRIPTION
Extent 178 p. ;
Dimensions 23 cm.
504 ## - BIBLIOGRAPHY, ETC. NOTE
Bibliography, etc. note Includes bibliographical references.
650 #0 - SUBJECT ADDED ENTRY--TOPICAL TERM
Topical term or geographic name entry element Christian life
General subdivision Assemblies of God authors.
9 (RLIN) 2367
906 ## - LOCAL DATA ELEMENT F, LDF (RLIN)
a 7
b cbc
c orignew
d 1
e ocip
f 19
g y-gencatlg
942 ## - ADDED ENTRY ELEMENTS (KOHA)
Source of classification or shelving scheme Dewey Decimal Classification
Koha item type Books
Holdings
Withdrawn status Lost status Source of classification or shelving scheme Damaged status Not for loan Home library Current Library Shelving location Date acquired Total checkouts Full call number Barcode Date last seen Copy number Price effective from Koha item type
    Dewey Decimal Classification     GRACE BIBLE COLLEGE GRACE BIBLE COLLEGE Ministry & Mission 2017-10-23   243 HIL 012190 2025-05-01 c.1 2017-10-23 Books
    Dewey Decimal Classification     GRACE BIBLE COLLEGE GRACE BIBLE COLLEGE Ministry & Mission 2017-10-23   243 HIL 012191 2025-05-01 c.2 2017-10-23 Books
    Dewey Decimal Classification     GRACE BIBLE COLLEGE GRACE BIBLE COLLEGE Ministry & Mission 2017-10-23   243 HIL 012192 2025-05-01 c.3 2017-10-23 Books
    Dewey Decimal Classification     GRACE BIBLE COLLEGE GRACE BIBLE COLLEGE Ministry & Mission 2017-10-23   243 HIL 012193 2025-05-01 c.4 2017-10-23 Books
    Dewey Decimal Classification     GRACE BIBLE COLLEGE GRACE BIBLE COLLEGE Ministry & Mission 2017-10-23   243 HIL 012194 2025-05-01 c.5 2017-10-23 Books
© Grace Bible College Library 2025